00245nam a22000977a 4500020001800000082001000018100002100028245005500049260003400104300000900138 a9788120343665 a070.4 aArnold S.De Beer aGlobal journalism topical issues and media systems aNew DelhibPHI learningc2011 a482p